Statistics for Top 100 Most Spoken Languages in the World

Click here to take the quiz!

General Stats

  • This quiz has been taken 765 times
  • The average score is 49 of 100

Answer Stats

#Answer% Correct
365mEnglish
99%
390mSpanish
99%
935mMandarin
98%
205mPortuguese
97%
75mFrench
96%
280mArabic
95%
160mRussian
94%
92mGerman
93%
295mHindi
92%
59mItalian
92%
125mJapanese
92%
21mDutch
90%
63mTurkish
90%
76mKorean
88%
8mSwedish
86%
40mPolish
85%
30mUkrainian
85%
12mGreek
84%
24mRomanian
84%
76mVietnamese
84%
56mThai
83%
200mBengali
81%
77mMalay
81%
19mSerbo-Croatian
81%
45mPersian
79%
59mCantonese
78%
28mTagalog
77%
66mUrdu
76%
10mCzech
72%
13mHungarian
72%
70mTamil
70%
11mKazakh
69%
16mKhmer
69%
26mUzbek
68%
95mPunjabi
66%
8mHmong
64%
39mPashto
63%
33mBurmese
62%
80mWu
62%
7mBelarusian
59%
17mNepali
59%
10mZulu
59%
82mJavanese
58%
16mTurkmen
57%
24mIgbo
55%
25mAmharic
54%
28mYoruba
53%
23mAzerbaijani
52%
49mGujarati
52%
47mTaiwanese
51%
76mTelugu
51%
7mXhosa
51%
73mMarathi
50%
15mSomali
48%
16mSinhala
44%
34mHausa
43%
21mKurdish
43%
38mKannada
42%
8mQuechua
41%
38mMalayalam
40%
31mHakka
34%
24mOromo
34%
38mSundanese
33%
26mSindhi
31%
8mUyghur
30%
9mHaitian Creole
29%
33mOdia
29%
15mAssamese
27%
18mMalagasy
27%
21mCebuano
24%
9mKinyarwanda
23%
24mFula
22%
48mJin
22%
38mXiang
22%
7mBalochi
20%
29mBhojpuri
20%
22mGan
20%
8mKirundi
19%
27mMaithili
19%
8mShona
16%
12mChewa
13%
14mMagahi
10%
11mAkan
9%
22mAwadhi
9%
9mIlocano
9%
16mZhuang
9%
12mChhattisgarhi
7%
16mChittagonian
7%
11mDeccan
7%
8mHiligaynon
7%
15mMadurese
6%
17mSaraiki
6%
14mHaryanvi
5%
14mMarwari
5%
10mNorthern Min
5%
9mEastern Min
4%
10mSylheti
4%
7mMossi
3%
9mDhundhari
2%
5mKonkanian
1%

Score Distribution

Percentile by Number Answered

Percent of People with Each Score

Your Score History

You have not taken this quiz